rtsük meg a cicánkat! amit a macskákról tudni illik

Bibliographic Details
Main Author: Hofmann, Helga (Author)
Other Authors: Wegler, Monika (Photographer)
Format: Book
Language:Hungarian
PhysicalDescription:174 s. 29 cm
Published: Budapest Magyar Könyvklub 1997
ISBN:963 548 530 1
Subjects:

MARC

LEADER 00000nam a2200000 a 4500
001 vtls001331871
003 SK-MaSNL
005 20260301235720.0
008 240314s1997 HU a hun
020 |a 963 548 530 1  |c b.c. 
035 |a SNK000284763 
035 |a urn:nbn:sk:snk-amye8x 
035 |a urn:nbn:sk:snk-am00chzd 
035 |a 4DE7FCC2-4168-433F-BF29-6A3DCAF59BC0 
040 |a SNK  |b slo  |c SNK  |e AACR2 
041 0 |a hun 
044 |a HU 
080 |a 636.8(084.12)  |2 1981 
100 1 |a Hofmann, Helga  |4 aut  |9 44272 
245 1 0 |a rtsük meg a cicánkat!  |b amit a macskákról tudni illik  |c Helga Hofmann ; Monika Wegler 320 fotójával ; [fordította: Sárközy Elga] 
260 |a Budapest  |b Magyar Könyvklub  |c 1997  |e [Martin  |f Neografia] 
300 |a 174 s.  |c 29 cm 
650 0 7 |a mačky  |2 SNKPH  |9 2793 
650 0 7 |a chov mačiek  |2 SNKPH  |9 51952 
655 7 |a príručky  |2 SNKPH  |9 74364 
700 1 |a Wegler, Monika  |4 pht  |9 385237 
919 |a 963 548 530 1 
999 |c 976308  |d 978238 
952 |t P60, <03>, [BOOK], {603}  |a SNK  |b SNK  |y PREZ  |7 0  |p 17A0141679  |o snkSB 59000  |i snkKSP 5785/98  |0 0  |1 0  |4 0  |d 1998-06-03  |f 1  |l 0  |r 2017-06-30 00:00:00  |w 2026-02-24